Optical electronics (Record no. 1210850)

MARC details
000 -LEADER
fixed length control field 01045nam a2200325Ia 4500
003 - CONTROL NUMBER IDENTIFIER
control field OSt
005 - DATE AND TIME OF LATEST TRANSACTION
control field 20221007122734.0
008 - FIXED-LENGTH DATA ELEMENTS--GENERAL INFORMATION
fixed length control field 221006b |||||||| |||| 00| 0 eng d
020 ## - INTERNATIONAL STANDARD BOOK NUMBER
International Standard Book Number 9788185618104 (pbk)
037 ## - SOURCE OF ACQUISITION
Terms of availability Textual
040 ## - CATALOGING SOURCE
Original cataloging agency PAPL
Transcribing agency PAPL
Language of cataloging eng
041 ## - LANGUAGE CODE
Source of code eng
Language code of text/sound track or separate title eng
100 ## - MAIN ENTRY--PERSONAL NAME
Personal name Ghatak Ajoy
9 (RLIN) 433019
245 #0 - TITLE STATEMENT
Title Optical electronics
Remainder of title Thyagarajan K
260 ## - PUBLICATION, DISTRIBUTION, ETC.
Place of publication, distribution, etc. New
Name of publisher, distributor, etc. Delhi C U P
Date of publication, distribution, etc. 2011
300 ## - PHYSICAL DESCRIPTION
Extent xii; 624p.
Dimensions cm.
500 ## - GENERAL NOTE
General note Appendix 587-611p.; References 612-620p.; Index 621-624p.
650 ## - SUBJECT ADDED ENTRY--TOPICAL TERM
Topical term or geographic name entry element Holography
9 (RLIN) 714353
650 ## - SUBJECT ADDED ENTRY--TOPICAL TERM
Topical term or geographic name entry element Optical electronics
9 (RLIN) 417219
650 ## - SUBJECT ADDED ENTRY--TOPICAL TERM
Topical term or geographic name entry element Optics laser
9 (RLIN) 715063
650 ## - SUBJECT ADDED ENTRY--TOPICAL TERM
Topical term or geographic name entry element Reflection
9 (RLIN) 715064
650 ## - SUBJECT ADDED ENTRY--TOPICAL TERM
Topical term or geographic name entry element Physics
700 ## - ADDED ENTRY--PERSONAL NAME
Personal name Thyagarajan K
9 (RLIN) 433020
942 ## - ADDED ENTRY ELEMENTS (KOHA)
Classification part C51, N1;1 Carpa
Koha item type Textual
Source of classification or shelving scheme Colon Classification (CC)
Holdings
Withdrawn status Lost status Source of classification or shelving scheme Damaged status Not for loan Home library Current library Date acquired Source of acquisition Total Checkouts Full call number Barcode Date last seen Price effective from Koha item type
    Colon Classification (CC)     Department of Physics and Astrophysics Library Department of Physics and Astrophysics Library 2022-10-07 1508, 09/12/2011, Ashutosh Technical Books   C51 N1;1 Carpa PA0006959 2022-10-07 2022-10-07 Textual
Copyright @ Delhi University Library System